Sovereign State of the Bektashi Order Country Quiz - Statistics

General Stats
  • This quiz has been taken 59 times
  • The average score is 11 of 16
Answer Stats
Hint Answer % Correct
Official language Albanian
98%
City that surrounds the Sovereign State of the Bektashi Order Tirana
96%
Background colour of the flag Green
88%
State religion of the which the Bektashi Order is a mystic order Islam
84%
Peninsula on which Bektashi Order lies Balkans
80%
Empire under the which the Order was founded Ottoman Empire
80%
Number of branches of the Sun on the flag 12
75%
Year in which the SSBO should gain its independence 2024
75%
Currency Lek
69%
Branch of this religion to which it is related Shia
69%
Country that was previously home to the Bektashi Order Turkey
69%
Country that served as a model for its creation Vatican City
67%
Country that invaded in 1939 Italy
65%
Form of government with religious leaders Theocracy
49%
Relationship between the Prophet and Ali, worshipped by the Bektashis Cousin/Son-in-law
25%
Title held by the leader Dedebaba
20%
No matching quizzes found
Score Distribution
Percent of People with Each Score
Percentile by Number Answered
Your Score History
You have not taken this quiz